World through the veil;unveiling the veil of mind / (Record no. 195553)

MARC details
000 -LEADER
fixed length control field 00465nam a22001817a 4500
005 - DATE AND TIME OF LATEST TRANSACTION
control field 20230403142522.0
010 ## - LCCN (DPL NO)
LC control number ENG-136585
020 ## - INTERNATIONAL STANDARD BOOK NUMBER
International Standard Book Number 9789390380466
Terms of availability 100.00
035 ## - SYSTEM CONTROL NUMBER
System control number EN-120117
037 ## - SOURCE OF ACQUISITION
Source of stock number/acquisition DBAD/PUB
082 ## - DEWEY DECIMAL CLASSIFICATION NUMBER
Classification number S
100 ## - MAIN ENTRY--PERSONAL NAME
Personal name Fatma,Sadaf
245 ## - TITLE STATEMENT
Title World through the veil;unveiling the veil of mind /
Statement of responsibility, etc by Sadaf Fatma
250 ## - EDITION STATEMENT
Edition statement 1st ed.
260 ## - PUBLICATION, DISTRIBUTION, ETC. (IMPRINT)
Place of publication, distribution, etc Bluerose Publisher
Date of publication, distribution, etc 2020
300 ## - PHYSICAL DESCRIPTION
Extent 57p.;
Dimensions 21cm(pbk)
942 ## - ADDED ENTRY ELEMENTS (KOHA)
Source of classification or shelving scheme Dewey Decimal Classification
Item type English Books
Classification part S
Call number suffix FAT
Holdings
Withdrawn status Lost status Not for loan Collection code Home library Current library Date acquired Source of acquisition Cost, normal purchase price Full call number Barcode Copy number Cost, replacement price Koha item type
      Fiction Patel Nagar Patel Nagar 03/04/2023 DBAD/PUB 100.00 S FAT EN-120117 1 100.00 English Books

© Delhi Public Library
Hit Counter
free hit counter